000 00471nam a2200181Ia 4500
001 3582
005 20260306145654.0
008 260306t2006||||xx |||||||||||||| ||spa||
041 _aESP
082 _a291.178
_bC76
100 _aConsejo Episcopal Latinoamericano, CELAM
_eAUT
245 0 _aLa familia en América Latina:
_bdesafíos y esperanzas
260 _c2006
300 _a178 páginas :
_c21 cm.
650 _aGEN
654 _aCHU
942 _cLIB
_dJUS
_fJUS
_2ddc
_n
999 _c3582
_d3582